Français - Les types de pokemons - Statistiques

Statistiques générales
  • Ce quiz a été pris 1 585 fois
  • Le résultat moyen est 16 sur 18
Statistiques - réponses
Types % Correct
4 Eau
99%
7 Feu
99%
11 Plante
96%
6 Fée
94%
13 Psy
94%
1 Acier
90%
10 Normal
90%
15 Sol
90%
17 Ténèbre
90%
18 Vol
90%
14 Roche
89%
16 Spectre
89%
2 Combat
88%
3 Dragon
88%
5 Electrique
88%
8 Glace
86%
9 Insecte
85%
12 Poison
83%
Aucun quiz correspondant
Distribution des résultats
% des personnes avec chaque résultat
Percentile par nombre de réponses
Votre historique - résultats
Vous n’avez pas pris ce quiz